|
|
|
|
| LEADER |
00000ny a22000003n 4500 |
| 005 |
20110623132123.0 |
| 008 |
080729s1998 sp s 000 0 spa c |
| 020 |
|
|
|a 8476985010
|
| 035 |
|
|
|a 1139
|
| 040 |
|
|
|a UMA.RE
|d vLex
|
| 080 |
|
|
|a 368.91(460)(0.034)
|
| 090 |
|
|
|c 1067
|d 1067
|
| 100 |
1 |
|
|a Bold ̤Roda, Carmen
|
| 245 |
1 |
3 |
|a El beneficiario en el seguro de vida
|h [Recurso electrn̤ico]
|c Carmen Bold ̤Roda
|
| 256 |
|
|
|a Servicio en ln̕ea
|
| 260 |
|
|
|a [Barcelona] :
|b J.M. Bosch Editor,
|c 1998
|
| 506 |
1 |
|
|a Contenido solo disponible en los productos indicados
|d vLex Global
|d vLex Global (Academic Edition, excluding Law Schools)
|d vLex Global (U.S. Academic Edition, Law Schools)
|d vLex Global (U.S. Academic Edition, excluding Law Schools)
|d vLex Global (Academic Edition, Law Schools)
|
| 650 |
0 |
7 |
|a Civil
|2 Tesauro vLex
|
| 650 |
0 |
7 |
|a Seguros
|2 Tesauro vLex
|
| 650 |
0 |
7 |
|a Mercantil
|2 Tesauro vLex
|
| 650 |
0 |
7 |
|a Derecho de los seguros
|2 Tesauro vLex
|
| 650 |
0 |
7 |
|a Seguros de vida
|2 Tesauro vLex
|
| 650 |
0 |
7 |
|a Beneficiario
|2 Tesauro vLex
|
| 650 |
0 |
7 |
|a Beneficiarios del seguro
|2 Tesauro vLex
|
| 740 |
0 |
|
|a vLex Libros (Servicios en ln̕ea)
|
| 856 |
4 |
0 |
|u http://vlex.com/source/1139
|z Acceso restringido
|
| 942 |
|
|
|c BOOK
|